[Event "SVK-ch U18/20"]
[Site "Liptovsky Mikulas"]
[Date "2017.04.28"]
[Round "9"]
[White "Kojda, Samuel"]
[Black "Hrebicik, David"]
[Result "0-1"]
[WhiteElo "1259"]
[BlackElo "1793"]
[PlyCount "102"]
[EventDate "2017.04.22"]
[EventType "swiss"]
[EventRounds "9"]
[EventCountry "SVK"]
[SourceTitle "CBM 178 Extra"]
[Source "ChessBase"]
[SourceDate "2017.06.22"]
[SourceVersion "1"]
[SourceVersionDate "2017.06.22"]
[SourceQuality "1"]

1. e4 c6 2. d4 d5 3. e5 Bf5 4. c4 e6 5. a3 Nd7 6. Nc3 dxc4 7. Bxc4 Nb6 8. Ba2 Ne7 9. f4 h5 10. h3 Ng6 11. Nf3 Be7 12. g3 Qd7 13. Ng5 Bxg5 14. fxg5 0-0-0 15. Be3 Ne7 16. Bf2 Bg6 17. Na4 Be4 18. Nc5 Bxh1 19. Nxd7 Rxd7 20. g4 g6 21. gxh5 Rxh5 22. h4 Nf5 23. Qg4 Bd5 24. Bb1 Ng7 25. Bd3 Rh8 26. a4 Bc4 27. a5 Bxd3 28. axb6 a6 29. Ra3 Bb5 30. b4 Nf5 31. Kd2 Ne7 32. Kc3 Nd5+ 33. Kb3 Nxb6 34. Ra1 Bd3 35. Rh1 Nd5 36. h5 gxh5 37. Rxh5 Rxh5 38. Qxh5 Bg6 39. Qd1 Rd8 40. Qc1 Kc7 41. Qc5 b6 42. Qc1 Rh8 43. Qf1 Kb7 44. Be1 Bf5 45. Qf2 Rh3+ 46. Kb2 Ne3 47. Kc1 Ng4 48. Qf1 Rh2 49. Bd2 Nf2 50. Be1 Nd3+ 51. Kd1 Bg4+ 0-1